[Event "PRO League Group Stage"]
[Site "chess.com INT"]
[Date "2019.02.27"]
[Round "8"]
[White "Chu, Wei Chao"]
[Black "Illingworth, Max"]
[Result "1-0"]
[WhiteTitle "IM"]
[BlackTitle "GM"]
[WhiteElo "2373"]
[BlackElo "2501"]
[WhiteTeam "Chengdu Pandas"]
[BlackTeam "Australia Kangaroos"]
[WhiteFideId "8605661"]
[BlackFideId "3205207"]
[EventDate "2019.01.08"]

1. d4 Nf6 2. c4 e6 3. g3 d5 4. Bg2 Bb4+ 5. Nd2 O-O 6. Nf3 b6 7. O-O Bb7 8. Ne5
Bd6 9. cxd5 Bxe5 10. dxe5 Nxd5 11. Nc4 Nd7 12. e4 Ne7 13. Qc2 Nc6 14. Rd1 Qe7
15. Bg5 Qxg5 16. Rxd7 Rac8 17. f4 Qh5 18. Qd1 Qxd1+ 19. Raxd1 Rfd8 20. Kf2 Kf8
21. a3 Ke8 22. Rxd8+ Rxd8 23. Rxd8+ Kxd8 24. Ke3 Ba6 25. Bf1 Na5 26. Nxa5 Bxf1
27. Nc6+ Kd7 28. Nd4 c5 29. Nf3 h6 30. f5 a5 31. h4 a4 32. g4 Ke7 33. g5 hxg5
34. Nxg5 exf5 35. exf5 f6 36. exf6+ gxf6 37. Ne4 Bc4 38. h5 Bg8 39. h6 Bh7 40.
Kf4 Bg8 41. Nc3 Kd6 42. Nxa4 b5 43. Nc3 b4 44. Ne4+ Ke7 45. Nxc5 bxa3 46. bxa3 1-0

[Event "PRO League Group Stage"]
[Site "chess.com INT"]
[Date "2019.02.27"]
[Round "8"]
[White "Moradiabadi, Elshan"]
[Black "Mamedyarov, Shakhriyar"]
[Result "1-0"]
[WhiteTitle "GM"]
[BlackTitle "GM"]
[WhiteElo "2546"]
[BlackElo "2817"]
[WhiteTeam "Montclair Sopranos"]
[BlackTeam "San Jose Hackers"]
[WhiteFideId "12501255"]
[BlackFideId "13401319"]
[EventDate "2019.01.08"]

1. e4 d6 2. d4 Nf6 3. Nc3 g6 4. Be3 c6 5. f3 Nbd7 6. Qd2 b5 7. O-O-O b4 8. Nce2
a5 9. Kb1 Ba6 10. g4 Nb6 11. b3 h5 12. g5 Nfd7 13. f4 Bg7 14. f5 gxf5 15. exf5
Nd5 16. c4 bxc3 17. Nxc3 Nxc3+ 18. Qxc3 a4 19. b4 O-O 20. Nh3 c5 21. f6 exf6 22.
Bxa6 Rxa6 23. dxc5 dxc5 24. Bxc5 Rc6 25. gxf6 Rxc5 26. bxc5 Qb8+ 27. Qb2 Bxf6
28. Rhg1+ Kh8 29. Qxb8 Rxb8+ 30. Kc1 Ne5 31. Rd5 Bg7 32. Rxg7 1-0

[Event "PRO League Group Stage"]
[Site "chess.com INT"]
[Date "2019.02.27"]
[Round "8"]
[White "Khachiyan, Melikset"]
[Black "Izoria, Zviad"]
[Result "0-1"]
[WhiteTitle "GM"]
[BlackTitle "GM"]
[WhiteElo "2509"]
[BlackElo "2603"]
[WhiteTeam "San Diego Surfers"]
[BlackTeam "San Jose Hackers"]
[WhiteFideId "13300512"]
[BlackFideId "13601733"]
[EventDate "2019.01.08"]

1. e4 c5 2. Nf3 d6 3. d4 cxd4 4. Nxd4 Nf6 5. Nc3 a6 6. a4 g6 7. g3 Nc6 8. Nde2
Bg4 9. Bg2 Bg7 10. h3 Bxe2 11. Qxe2 O-O 12. O-O Rc8 13. Be3 Nd7 14. Nd5 Bxb2 15.
Rab1 Bd4 16. Rxb7 Bxe3 17. Qxe3 Nc5 18. Rbb1 Nxa4 19. f4 e6 20. Nb6 Nxb6 21.
Qxb6 a5 22. Rfd1 e5 23. Qxd8 Rfxd8 24. c3 a4 25. Bf1 exf4 26. gxf4 g5 27. Ba6
Rc7 28. Rb7 Rdd7 29. Rxc7 Rxc7 30. fxg5 Ne5 31. Ra1 Rxc3 32. Rxa4 Rxh3 33. Be2
Rg3+ 34. Kf2 Rxg5 35. Ra6 Rg6 36. Ke3 Kg7 37. Kd4 Re6 38. Kd5 Nd7 39. Kd4 Nc5 0-1

[Event "PRO League Group Stage"]
[Site "chess.com INT"]
[Date "2019.02.27"]
[Round "8"]
[White "Chirila, Ioan-Cristian"]
[Black "Bryant, John Daniel"]
[Result "1-0"]
[WhiteTitle "GM"]
[BlackTitle "IM"]
[WhiteElo "2566"]
[BlackElo "2449"]
[WhiteTeam "San Jose Hackers"]
[BlackTeam "San Diego Surfers"]
[WhiteFideId "1211668"]
[BlackFideId "2031280"]
[EventDate "2019.01.08"]

1. Nf3 g6 2. e4 Bg7 3. d4 d6 4. Nc3 Nf6 5. h3 O-O 6. Be3 Nc6 7. Bb5 Bd7 8. Qe2
a6 9. Bd3 Nb4 10. Bc4 b5 11. Bb3 a5 12. a3 a4 13. Bxf7+ Rxf7 14. axb4 c6 15. e5
Nh5 16. Ng5 Rf8 17. e6 Be8 18. O-O Qc8 19. Qg4 Nf6 20. Qh4 h6 21. Nf7 Bxf7 22.
exf7+ Kxf7 23. f4 h5 24. f5 gxf5 25. Bg5 e6 26. Rae1 Rh8 27. Ne2 d5 28. Ng3 Qd7
29. Kh1 Raf8 30. Re5 Kg8 31. c3 Ne4 32. Nxe4 dxe4 33. Rc5 Rf7 34. Bf4 Bf6 35.
Bg5 Bg7 36. Ra1 Bf8 37. Re5 Bd6 38. Bf4 Bxe5 39. Bxe5 Rh6 40. b3 Qe7 41. Qg3+
Kh7 42. bxa4 Rg6 43. Qf4 bxa4 44. Rxa4 Rf8 45. Bd6 Qf7 46. Bxf8 Qxf8 47. Qc7+
Qg7 48. Ra7 Qxc7 49. Rxc7+ Kh6 50. Rxc6 f4 51. Rc5 Rg3 52. Re5 Re3 53. b5 Re1+
54. Kh2 Re2 55. b6 f3 56. b7 Rxg2+ 57. Kh1 Rb2 58. Rxe6+ Kg5 59. Rxe4 Rb1+ 60.
Kh2 f2 61. b8=Q Rxb8 62. Kg2 Rb2 63. c4 Rc2 64. c5 Kf5 65. Rh4 Rd2 66. c6 Rc2
67. d5 Ke5 68. Rxh5+ Ke4 69. c7 Rxc7 70. Kxf2 Rd7 71. Kg3 Rxd5 72. Kg4 Rd1 73.
Rh8 Rg1+ 74. Kh5 Kf5 75. Rf8+ Ke6 76. h4 Ke7 77. Rf4 Ke8 78. Kh6 Ke7 79. h5 Ke8
80. Kh7 Ke7 81. h6 Ke8 82. Rf6 Rb1 83. Kg7 Rg1+ 84. Rg6 Rf1 85. h7 Rf7+ 86. Kh6 1-0

[Event "PRO League Group Stage"]
[Site "chess.com INT"]
[Date "2019.02.27"]
[Round "8"]
[White "Ravuri, Vinesh"]
[Black "Hilby, Craig"]
[Result "0-1"]
[BlackTitle "IM"]
[WhiteElo "2042"]
[BlackElo "2445"]
[WhiteTeam "San Jose Hackers"]
[BlackTeam "San Diego Surfers"]
[WhiteFideId "45042632"]
[BlackFideId "2062674"]
[EventDate "2019.01.08"]

1. d4 g6 2. Nc3 Bg7 3. e4 d6 4. Nf3 Nf6 5. h3 O-O 6. Be3 a6 7. a4 Nc6 8. Bc4 e6
9. O-O d5 10. exd5 exd5 11. Bb3 Ne7 12. Re1 Nf5 13. Bf4 c6 14. a5 h6 15. Qd2 g5
16. Be5 Nd6 17. Bxd6 Qxd6 18. Ne5 Bf5 19. g4 Bh7 20. f4 gxf4 21. Qxf4 Nd7 22.
Qh2 f5 23. Rad1 Rae8 24. gxf5 Nxe5 25. dxe5 Bxe5 26. Qd2 Kh8 27. Ne4 Qd7 28. Rf1
Qg7+ 29. Kh1 dxe4 30. Rg1 Qf6 31. Rdf1 Qh4 32. Qe3 Rxf5 33. Rxf5 Bxf5 34. Kg2
Re7 35. Rh1 Rg7+ 36. Kf1 Rg3 37. Qc5 Qf4+ 38. Ke1 Re3+ 39. Kd1 Qf3+ 0-1

[Event "PRO League Group Stage"]
[Site "chess.com INT"]
[Date "2019.02.27"]
[Round "8"]
[White "Xu, Xiangyu"]
[Black "Miroshnichenko, Evgenij"]
[Result "1-0"]
[WhiteTitle "GM"]
[BlackTitle "GM"]
[WhiteElo "2567"]
[BlackElo "2597"]
[WhiteTeam "Chengdu Pandas"]
[BlackTeam "Australia Kangaroos"]
[WhiteFideId "8608288"]
[BlackFideId "14102595"]
[EventDate "2019.01.08"]

1. d4 Nf6 2. c4 g6 3. Nc3 Bg7 4. e4 O-O 5. Nf3 d6 6. h3 e5 7. d5 a5 8. Bd3 Na6
9. O-O Nh5 10. a3 Bd7 11. Bc2 Nf4 12. Ne2 Nxe2+ 13. Qxe2 a4 14. Be3 b6 15. Nd2
Nc5 16. Nb1 f5 17. exf5 gxf5 18. Nc3 Qh4 19. f4 Rae8 20. fxe5 Bxe5 21. Qf2 Qxc4
22. Rad1 Rf7 23. Bd4 Nb3 24. Bxe5 dxe5 25. Bxb3 axb3 26. d6 Bc6 27. dxc7 Rxc7
28. Qxf5 Rg7 29. Rf2 Qc5 30. Ne4 Bxe4 31. Qe6+ Kh8 32. Qxe8+ Rg8 33. Qf7 Rxg2+
34. Kf1 Qb5+ 35. Ke1 Rg1+ 36. Rf1 Rxf1+ 37. Qxf1 Qa5+ 38. Ke2 Qb5+ 39. Ke3 1-0

[Event "PRO League Group Stage"]
[Site "chess.com INT"]
[Date "2019.02.27"]
[Round "8"]
[White "Bai, Jinshi"]
[Black "Smirnov, Anton"]
[Result "0-1"]
[WhiteTitle "GM"]
[BlackTitle "GM"]
[WhiteElo "2572"]
[BlackElo "2569"]
[WhiteTeam "Chengdu Pandas"]
[BlackTeam "Australia Kangaroos"]
[WhiteFideId "8602280"]
[BlackFideId "3208923"]
[EventDate "2019.01.08"]

1. d4 d5 2. c4 c6 3. cxd5 cxd5 4. Bf4 Nf6 5. Nc3 Nc6 6. e3 Bg4 7. Qb3 Na5 8.
Qa4+ Bd7 9. Qc2 e6 10. Bd3 Bb4 11. Nf3 Nh5 12. Bg5 f6 13. Bh4 g5 14. Bg3 g4 15.
Nd2 Qe7 16. e4 dxe4 17. Bxe4 f5 18. Be5 O-O 19. Bd3 Bd6 20. O-O Bxe5 21. dxe5
Nf4 22. Rfe1 Nc6 23. Bf1 Nd4 24. Qb1 Bc6 25. g3 Qg5 26. gxf4 Qxf4 27. Re3 Nf3+
28. Nxf3 gxf3 29. Kh1 Kh8 30. Bh3 Rg8 31. b4 b6 32. b5 Bb7 33. a3 Rg6 34. Qb4
Qh6 0-1

[Event "PRO League Group Stage"]
[Site "chess.com INT"]
[Date "2019.02.27"]
[Round "8"]
[White "Illingworth, Max"]
[Black "Bao, Qilin"]
[Result "0-1"]
[WhiteTitle "GM"]
[BlackTitle "IM"]
[WhiteElo "2501"]
[BlackElo "2412"]
[WhiteTeam "Australia Kangaroos"]
[BlackTeam "Chengdu Pandas"]
[WhiteFideId "3205207"]
[BlackFideId "8605750"]
[EventDate "2019.01.08"]

1. d4 Nf6 2. Bf4 b6 3. Nc3 Bb7 4. f3 d5 5. e3 e6 6. Qd2 Bd6 7. Nge2 Nc6 8. O-O-O
Na5 9. g4 Nc4 10. Qe1 h6 11. h4 Qe7 12. Kb1 O-O-O 13. b3 Bxf4 14. Nxf4 e5 15.
Nd3 exd4 16. exd4 Qxe1 17. Rxe1 Nd2+ 18. Kc1 Nxf3 19. Re3 Nxd4 20. Rg1 Ne6 21.
Reg3 d4 22. Ne2 Ne4 23. Rh3 Rhe8 24. Bg2 N6c5 25. Nxc5 Nxc5 26. Bxb7+ Kxb7 27.
Nf4 Re4 28. Nh5 g6 29. Nf6 Rf4 30. g5 Ne6 31. Ng4 hxg5 32. hxg5 Nxg5 33. Rhg3
Ne4 34. R3g2 Nc3 35. Kb2 Re8 36. Rd2 c5 37. Nf2 Re2 38. Rxe2 Nxe2 39. Rg2 Nc3
40. Nd3 Rf1 41. Nc1 Kc6 42. Rh2 a5 43. a4 Nd1+ 44. Kb1 Nf2 45. Kb2 Nd1+ 46. Kb1
Rf2 47. Rh8 Ne3 48. Nd3 Rxc2 49. Ne5+ Kd5 50. Nxf7 Rf2 51. Rd8+ Ke4 52. Ng5+ Kd3
53. Ne6 Kc3 54. Ng5 Kxb3 55. Kc1 Rc2+ 56. Kb1 Rg2 57. Nf3 Rf2 0-1

[Event "PRO League Group Stage"]
[Site "chess.com INT"]
[Date "2019.02.27"]
[Round "8"]
[White "Song, Raymond"]
[Black "Chu, Wei Chao"]
[Result "1-0"]
[WhiteTitle "FM"]
[BlackTitle "IM"]
[WhiteElo "2329"]
[BlackElo "2373"]
[WhiteTeam "Australia Kangaroos"]
[BlackTeam "Chengdu Pandas"]
[WhiteFideId "3203824"]
[BlackFideId "8605661"]
[EventDate "2019.01.08"]

1. d4 Nf6 2. Bg5 Ne4 3. Bf4 d5 4. e3 Bf5 5. Bd3 e6 6. Nf3 Bd6 7. Bxd6 cxd6 8.
O-O O-O 9. Nfd2 Qb6 10. b3 Nd7 11. Bxe4 Bxe4 12. Nxe4 dxe4 13. c4 f5 14. Nc3 Qd8
15. f3 Qg5 16. Qe2 Nf6 17. Rae1 a6 18. fxe4 Nxe4 19. Nxe4 fxe4 20. Rxf8+ Rxf8
21. Rf1 Rxf1+ 22. Kxf1 Qf5+ 23. Kg1 a5 24. Qd2 Qg5 25. h3 h5 26. Kf2 h4 27. Ke1
b6 28. Qf2 g6 29. Kd2 Kg7 30. a3 Qg3 31. Qxg3 hxg3 32. Kc3 d5 33. cxd5 exd5 34.
b4 a4 35. b5 Kf7 36. Kb4 Ke7 37. Kxa4 Kd7 38. Kb4 g5 39. a4 Kc7 40. a5 Kb7 41.
axb6 Kxb6 42. Ka4 1-0

[Event "PRO League Group Stage"]
[Site "chess.com INT"]
[Date "2019.02.28"]
[Round "8"]
[White "Kuznetsov, Mikhail V."]
[Black "Ghosh, Diptayan"]
[Result "0-1"]
[WhiteTitle "FM"]
[BlackTitle "GM"]
[WhiteElo "2292"]
[BlackElo "2544"]
[WhiteTeam "Moscow Phoenix"]
[BlackTeam "Mumbai Movers"]
[WhiteFideId "4194900"]
[BlackFideId "5045207"]
[EventDate "2019.01.08"]

1. d4 Nf6 2. Nf3 e6 3. g3 b5 4. a4 b4 5. c4 bxc3 6. bxc3 d5 7. Bg2 Be7 8. c4 c6
9. O-O O-O 10. Qc2 Ba6 11. Ne5 Nfd7 12. Nxd7 Nxd7 13. Nd2 Rc8 14. e4 Nb6 15. Re1
Nxc4 16. Nf3 Rb8 17. Bf1 Qa5 18. Bxc4 Bxc4 19. Bf4 Rb3 20. Ne5 Qa6 21. Reb1 Rfb8
22. Nxc6 Rxb1+ 23. Rxb1 Rxb1+ 24. Qxb1 Qxc6 25. Qb8+ Bf8 26. Bd6 Qxd6 0-1

[Event "PRO League Group Stage"]
[Site "chess.com INT"]
[Date "2019.02.28"]
[Round "8"]
[White "Tekeyev, Zaur"]
[Black "Puranik, Abhimanyu"]
[Result "1-0"]
[WhiteTitle "FM"]
[BlackTitle "GM"]
[WhiteElo "2392"]
[BlackElo "2536"]
[WhiteTeam "Moscow Phoenix"]
[BlackTeam "Mumbai Movers"]
[WhiteFideId "4199731"]
[BlackFideId "5061245"]
[EventDate "2019.01.08"]

1. e4 e5 2. Nf3 Nc6 3. Bc4 Bc5 4. d3 Nf6 5. O-O d6 6. c3 h6 7. a4 a5 8. Re1 O-O
9. Nbd2 Ba7 10. Nf1 Ne7 11. d4 Ng6 12. h3 Re8 13. Ng3 c6 14. Bb3 Qc7 15. Be3 Be6
16. Bc2 b5 17. Qd2 Rab8 18. Nf5 Bxf5 19. exf5 e4 20. Nh2 Nf8 21. Ng4 Nxg4 22.
hxg4 bxa4 23. Bxa4 Nd7 24. Bxh6 gxh6 25. Qxh6 f6 26. Re3 Re7 27. Rh3 Rg7 28. g5
fxg5 29. f6 Nxf6 30. Qxf6 Rxb2 31. Qe6+ Rf7 32. Qg6+ Kf8 33. Rh8+ Ke7 34. Qxe4+
Kf6 35. Rh6+ Kg7 36. Qh7+ Kf8 37. Qh8+ Ke7 38. Re1+ 1-0

[Event "PRO League Group Stage"]
[Site "chess.com INT"]
[Date "2019.02.28"]
[Round "8"]
[White "Mohammad, Nubairshah Shaikh"]
[Black "Demidov, Mikhail"]
[Result "0-1"]
[WhiteTitle "IM"]
[BlackTitle "IM"]
[WhiteElo "2437"]
[BlackElo "2520"]
[WhiteTeam "Mumbai Movers"]
[BlackTeam "Moscow Phoenix"]
[WhiteFideId "5053196"]
[BlackFideId "4197143"]
[EventDate "2019.01.08"]

1. d4 e6 2. c4 Bb4+ 3. Bd2 Qe7 4. Nf3 Nf6 5. Qc2 Bxd2+ 6. Nbxd2 d6 7. e3 e5 8.
Be2 O-O 9. O-O Re8 10. dxe5 dxe5 11. c5 Nc6 12. Bb5 Bd7 13. Rac1 e4 14. Bxc6
Bxc6 15. Nd4 Bd5 16. b4 Rad8 17. Rfd1 Qe5 18. Ne2 Rd7 19. Nc4 Qg5 20. Nf4 Red8
21. h3 h6 22. a4 a6 23. Na5 c6 24. Nxd5 Nxd5 25. Qxe4 Nc3 26. Rxc3 Rxd1+ 27. Kh2
Qf6 28. Rc2 R8d7 29. Nc4 Qe7 30. Qf4 R7d5 31. Nd6 b5 32. axb5 axb5 33. Ra2 Rxd6
34. cxd6 Rxd6 35. Ra8+ Rd8 36. Ra6 Rc8 37. Qd4 Qc7+ 38. g3 Qe7 39. Ra7 Qe6 40.
Kg2 h5 41. h4 Qf5 42. Qd7 Qe4+ 43. Kg1 Rf8 44. Qe7 Qf3 45. Rd7 Ra8 46. Rd8+ Rxd8
47. Qxd8+ Kh7 48. Qd4 Kg6 49. Qc5 f6 50. Kf1 Kf7 51. Qd6 Qe4 52. Qd7+ Kg6 53.
Qd6 Qf3 54. Kg1 Qd5 55. Qxd5 cxd5 56. Kf1 Kf5 57. f3 g5 58. Ke2 g4 59. fxg4+
Kxg4 60. Kf2 Kh3 61. Kf3 f5 62. Kf4 Kg2 63. Kxf5 Kxg3 64. Kg5 Kf3 65. Kxh5 Kxe3
66. Kg4 d4 67. h5 d3 68. h6 d2 69. h7 d1=Q+ 70. Kg5 Qd4 71. Kg6 Qh8 0-1

[Event "PRO League Group Stage"]
[Site "chess.com INT"]
[Date "2019.02.28"]
[Round "8"]
[White "Sadhwani, Raunak"]
[Black "Kryakvin, Dmitry"]
[Result "0-1"]
[WhiteTitle "IM"]
[BlackTitle "GM"]
[WhiteElo "2451"]
[BlackElo "2588"]
[WhiteTeam "Mumbai Movers"]
[BlackTeam "Moscow Phoenix"]
[WhiteFideId "35093487"]
[BlackFideId "4153278"]
[EventDate "2019.01.08"]

1. e4 e6 2. d4 d5 3. Nc3 Bb4 4. e5 c5 5. a3 Bxc3+ 6. bxc3 Qa5 7. Bd2 Qa4 8. Qg4
Kf8 9. Nf3 Ne7 10. Bd3 c4 11. Be2 h6 12. O-O Nbc6 13. Bd1 Bd7 14. Nh4 Rh7 15.
Qh3 Ke8 16. f4 Kd8 17. g4 g6 18. f5 gxf5 19. gxf5 exf5 20. Bf4 Be6 21. Kh1 Kd7
22. Rg1 Rg8 23. Rxg8 Nxg8 24. Qg2 Nge7 25. Bh5 Rh8 26. Qd2 Qa5 27. Rg1 Qxa3 28.
Bf3 Rg8 29. Rb1 b6 30. Bxh6 Rh8 31. Bg5 Ng6 32. Ng2 Rh3 33. Rf1 Qf8 34. Ne3 Nce7
35. Qg2 Qh8 36. Bxd5 Nxd5 37. Nxd5 Rxh2+ 38. Qxh2 Bxd5+ 39. Kg1 Qxh2+ 40. Kxh2
Be4 41. Ra1 a5 42. Rb1 Kc7 43. Rb2 Nf8 44. Be7 Ne6 45. Bd6+ Kc6 46. Kg3 b5 47.
Ra2 a4 48. Rb2 f4+ 49. Kg4 f3 50. Kg3 f5 51. Rb1 f4+ 52. Kf2 Ng5 53. Be7 Nh3+
54. Ke1 f2+ 55. Kd2 Bg2 56. Ke2 f3+ 57. Ke3 f1=Q 58. Rxf1 Bxf1 59. Kxf3 Kd5 60.
Ke3 Bg2 61. Kd2 Nf2 62. Kc1 Be4 63. Kb2 Nd1+ 64. Ka3 Bxc2 65. Kb4 Kc6 66. Bc5
Ne3 67. e6 Nd5+ 68. Ka5 Nxc3 69. e7 Bg6 0-1

[Event "PRO League Group Stage"]
[Site "chess.com INT"]
[Date "2019.02.28"]
[Round "8"]
[White "Skvortsov, Andrei"]
[Black "Adly, Ahmed"]
[Result "0-1"]
[BlackTitle "GM"]
[WhiteElo "2128"]
[BlackElo "2611"]
[WhiteTeam "Moscow Wizards"]
[BlackTeam "Delhi Dynamite"]
[WhiteFideId "24108600"]
[BlackFideId "10601619"]
[EventDate "2019.01.08"]

1. e4 c5 2. Ne2 Nf6 3. Nbc3 Nc6 4. g3 h5 5. d4 cxd4 6. Nxd4 d6 7. Bg2 Bg4 8. Qd2
Rc8 9. h3 Bd7 10. f4 e6 11. Nf3 Qb6 12. Qf2 Qxf2+ 13. Kxf2 Nb4 14. Ne1 d5 15.
Be3 dxe4 16. Bxa7 Bc6 17. a3 Na6 18. Bd4 Bc5 19. Rd1 Ke7 20. Rf1 Rhd8 21. Ne2
Bb5 22. Bxc5+ Nxc5 23. Rxd8 Rxd8 24. Ke3 Nd5+ 25. Kf2 e3+ 26. Kf3 g5 27. Nd3
Nxd3 28. cxd3 Bxd3 29. fxg5 e5 30. Nc3 Bxf1 31. Bxf1 Nxc3 32. bxc3 Rd1 33. Be2
Rc1 34. c4 f5 35. gxf6+ Kxf6 36. Ke4 Rg1 37. Kf3 b6 38. h4 Ra1 39. Kxe3 Rxa3+
40. Kf2 Kg6 41. Bf3 Rc3 42. Be2 e4 43. Bf1 Kf5 44. Be2 Ke5 45. Bxh5 Rxc4 46. Be2
Rc2 47. Ke3 Rc3+ 48. Kf2 Rc5 49. h5 b5 50. h6 b4 51. h7 Rc8 52. Bc4 Rh8 53. Bg8
Kd4 54. Ke2 Kc3 55. Ke3 b3 56. Kxe4 b2 57. Ba2 Rxh7 58. g4 Ra7 0-1

[Event "PRO League Group Stage"]
[Site "chess.com INT"]
[Date "2019.02.28"]
[Round "8"]
[White "Seliverstov, Vladimir"]
[Black "Gupta, Abhijeet"]
[Result "1-0"]
[WhiteTitle "IM"]
[BlackTitle "GM"]
[WhiteElo "2462"]
[BlackElo "2581"]
[WhiteTeam "Moscow Wizards"]
[BlackTeam "Delhi Dynamite"]
[WhiteFideId "4192036"]
[BlackFideId "5010608"]
[EventDate "2019.01.08"]

1. d4 Nf6 2. c4 g6 3. g3 c6 4. Bg2 d5 5. Nf3 Bg7 6. cxd5 cxd5 7. O-O O-O 8. Nc3
e6 9. Bf4 Nc6 10. Ne5 Nd7 11. Nxc6 bxc6 12. Na4 Ba6 13. Rc1 Qa5 14. b3 Bb5 15.
Nc3 Rac8 16. Qd2 Qb6 17. Rfd1 Rfe8 18. e4 Bf8 19. Rc2 Nf6 20. Qc1 Qb7 21. Bg5
Bg7 22. Bh6 Bh8 23. Qf4 dxe4 24. Nxe4 Nxe4 25. Bxe4 Qd7 26. Qf3 f5 27. Bd3 Qd5
28. Qxd5 exd5 29. Be3 Bxd3 30. Rxd3 Re4 31. Rdc3 f4 32. gxf4 Bxd4 33. Bxd4 Rxd4
34. Rxc6 Rf8 35. Rc7 a6 36. Ra7 Rf7 37. Rxf7 Kxf7 38. Rc6 a5 39. Ra6 Rd1+ 40.
Kg2 d4 41. Rxa5 Ke6 42. Kf3 Re1 43. Re5+ Rxe5 44. fxe5 Kxe5 45. a4 Kd5 46. Ke2 1-0

[Event "PRO League Group Stage"]
[Site "chess.com INT"]
[Date "2019.02.28"]
[Round "8"]
[White "Sardana, Rishi"]
[Black "Usmanov, Vasily"]
[Result "1-0"]
[WhiteTitle "IM"]
[BlackTitle "IM"]
[WhiteElo "2398"]
[BlackElo "2450"]
[WhiteTeam "Delhi Dynamite"]
[BlackTeam "Moscow Wizards"]
[WhiteFideId "25004301"]
[BlackFideId "4135741"]
[EventDate "2019.01.08"]

1. e4 e6 2. d4 d5 3. Nd2 c5 4. exd5 Qxd5 5. Ngf3 cxd4 6. Bc4 Qd6 7. O-O Nc6 8.
Nb3 a6 9. Re1 Qc7 10. Nbxd4 Nge7 11. Bb3 Bd7 12. c3 Nxd4 13. Qxd4 Nc6 14. Qh4
Be7 15. Bg5 Bxg5 16. Nxg5 h6 17. Rad1 O-O 18. Bc2 Rad8 19. Nh7 Rfe8 20. Nf6+
gxf6 21. Qxh6 f5 22. Rd3 Ne5 23. Rg3+ Ng6 24. h4 Qc5 25. h5 Qf8 26. Qg5 Kg7 27.
hxg6 f6 28. Qe3 Qd6 29. Rd1 Qe5 30. Qb6 Qb5 31. Qc7 Qc6 32. Qa5 Qb5 33. Qa3 Qa4
34. Bxa4 1-0

[Event "PRO League Group Stage"]
[Site "chess.com INT"]
[Date "2019.02.28"]
[Round "8"]
[White "Tania, Sachdev"]
[Black "Savchenko, Boris"]
[Result "0-1"]
[WhiteTitle "IM"]
[BlackTitle "GM"]
[WhiteElo "2400"]
[BlackElo "2562"]
[WhiteTeam "Delhi Dynamite"]
[BlackTeam "Moscow Wizards"]
[WhiteFideId "5007844"]
[BlackFideId "4147332"]
[EventDate "2019.01.08"]

1. d4 d6 2. c4 e5 3. Nc3 Nc6 4. Nf3 Bg4 5. d5 Nce7 6. h3 Bd7 7. e4 g6 8. Be2 Bg7
9. O-O f5 10. exf5 gxf5 11. c5 Nf6 12. cxd6 cxd6 13. Nb5 Qb8 14. Ng5 O-O 15. f4
Nexd5 16. Bc4 Kh8 17. Bxd5 Bxb5 18. Re1 Nxd5 19. Qxd5 Qe8 20. Qxd6 Rd8 21. Qb4
e4 22. Ne6 Qxe6 23. Qxb5 Qd7 24. Qxd7 Rxd7 25. g4 Rd3 26. gxf5 Bd4+ 27. Kh2 Rc8
28. Re2 Kg7 29. Bd2 Rc2 30. Rg2+ Kf6 31. Bc3 Rxg2+ 32. Kxg2 Bxc3 33. bxc3 Rxc3
34. Rb1 b6 35. Rb5 Rc5 36. Rb3 Kxf5 37. Kg3 Rd5 38. Rb1 Rd3+ 39. Kh4 Kxf4 40.
Rf1+ Rf3 41. Rc1 Ra3 42. Rc7 Kf3 43. Rf7+ Kg2 44. Rg7+ Kh2 45. Re7 e3 46. Rxh7
e2 47. Re7 Rxa2 48. Kg4 Kg2 49. h4 Ra4+ 50. Kg5 Kf3 0-1

[Event "PRO League Group Stage"]
[Site "chess.com INT"]
[Date "2019.02.28"]
[Round "8"]
[White "Narva, Mai"]
[Black "Oparin, Grigoriy"]
[Result "0-1"]
[WhiteTitle "WIM"]
[BlackTitle "GM"]
[WhiteElo "2347"]
[BlackElo "2613"]
[WhiteTeam "Estonia Horses"]
[BlackTeam "Volga Stormbringers"]
[WhiteFideId "4500512"]
[BlackFideId "24125890"]
[EventDate "2019.01.08"]

1. e4 e5 2. Nf3 Nc6 3. Bb5 a6 4. Ba4 Nf6 5. O-O Be7 6. Re1 b5 7. Bb3 d6 8. c3
O-O 9. h3 Nb8 10. d4 Nbd7 11. Nbd2 Bb7 12. a4 c5 13. d5 c4 14. Bc2 Nc5 15. Nf1
Qc7 16. Ng3 g6 17. Bg5 Rfb8 18. axb5 axb5 19. Qd2 Qd8 20. Be3 Nfd7 21. Bh6 Bc8
22. Nh2 Nb6 23. f4 Bh4 24. Qe3 Qe7 25. Ng4 Bxg4 26. hxg4 exf4 27. Bxf4 Nbd7 28.
Rf1 Ne5 29. g5 Ned3 30. Ne2 Nxf4 31. Qxf4 Bxg5 32. Qf3 Nd7 33. Nd4 Ne5 34. Qh3
Qd8 35. Rxa8 Rxa8 36. Nxb5 Rb8 37. Nd4 Rxb2 38. Ra1 h5 39. Qg3 Ng4 40. Kh1 Be3
41. Nc6 Qf6 42. Nb4 Nf2+ 43. Kg1 Bc5 44. Kh2 Bxb4 0-1

[Event "PRO League Group Stage"]
[Site "chess.com INT"]
[Date "2019.02.28"]
[Round "8"]
[White "Burg, Twan"]
[Black "Frolyanov, Dmitry"]
[Result "1-0"]
[WhiteTitle "GM"]
[BlackTitle "GM"]
[WhiteElo "2514"]
[BlackElo "2517"]
[WhiteTeam "Estonia Horses"]
[BlackTeam "Volga Stormbringers"]
[WhiteFideId "1010697"]
[BlackFideId "4151976"]
[EventDate "2019.01.08"]

1. e4 e5 2. Nf3 Nf6 3. Nxe5 d6 4. Nd3 Nxe4 5. Qe2 Qe7 6. Nf4 c6 7. Nc3 Nxc3 8.
dxc3 Qxe2+ 9. Bxe2 Bf5 10. Bd3 Bxd3 11. cxd3 Nd7 12. f3 d5 13. Kf2 O-O-O 14. d4
Bd6 15. Bd2 Rde8 16. Rae1 Bxf4 17. Bxf4 h5 18. Rxe8+ Rxe8 19. g4 hxg4 20. fxg4
Nf6 21. Kf3 Ne4 22. h4 Kd7 23. h5 f6 24. a4 Ke6 25. Rg1 Rh8 26. c4 Rc8 27. a5 a6
28. Re1 Re8 29. Re3 Kf7 30. Rb3 Re7 31. cxd5 cxd5 32. Rb6 Rd7 33. Rb4 Ke8 34.
Rb6 Re7 35. b4 Nc3 36. h6 g5 37. Re6 Rxe6 38. h7 gxf4 39. h8=Q+ Kd7 40. Qb8 Nb5
41. Qxb7+ Kd8 42. Qxd5+ Rd6 43. Qg8+ Kd7 44. d5 Nc7 45. Qf7+ Kd8 46. Qf8+ Kd7
47. Qg7+ Kd8 48. Qh8+ Kd7 49. Qh7+ Kd8 50. Qb1 Rxd5 51. Kxf4 Nb5 52. Qg6 Rd6 53.
Qg8+ Kd7 54. Qf7+ Kd8 55. Kg3 Rd3+ 56. Kh4 Rd6 57. Kh5 Nc7 58. Qc4 Nb5 59. Qf4
Kd7 60. Kg6 Nd4 61. Kf7 Nb5 62. Qf5+ Kc7 63. Ke7 Rc6 64. Qd7+ 1-0

[Event "PRO League Group Stage"]
[Site "chess.com INT"]
[Date "2019.02.28"]
[Round "8"]
[White "Bryakin, Mikhail"]
[Black "Ehlvest, Jaan"]
[Result "0-1"]
[WhiteTitle "FM"]
[BlackTitle "GM"]
[WhiteElo "2426"]
[BlackElo "2521"]
[WhiteTeam "Volga Stormbringers"]
[BlackTeam "Estonia Horses"]
[WhiteFideId "4165314"]
[BlackFideId "4500016"]
[EventDate "2019.01.08"]

1. d4 e6 2. c4 Bb4+ 3. Bd2 Qe7 4. Nf3 Nf6 5. g3 Bxd2+ 6. Nbxd2 d6 7. Bg2 O-O 8.
O-O e5 9. e4 a5 10. d5 Na6 11. Qc2 Bd7 12. Ne1 c6 13. dxc6 bxc6 14. Nd3 c5 15.
f4 Nb4 16. Nxb4 cxb4 17. a3 Bc6 18. h3 bxa3 19. Rxa3 a4 20. Kh2 Rab8 21. Re1
exf4 22. gxf4 Nd7 23. Rg3 Qf6 24. e5 dxe5 25. fxe5 Nxe5 26. Ne4 Bxe4 27. Qxe4
Ng6 28. Ra1 Rfe8 29. Qc6 Qe5 30. Qd5 Qc7 31. Qc6 Qe5 32. Qd5 Qf4 33. Rxa4 Nh4
34. Qg5 Nf3+ 35. Bxf3 Rxb2+ 36. Bg2 Rxg2+ 37. Kxg2 Re2+ 38. Kh1 Qf1+ 39. Rg1
Qxh3# 0-1